000 00490nam a2200193 a 4500
001 158008
003 OSt
005 20211126123429.0
008 200701 ### ENG
020 _a9789353166786
082 _a339
_bR66A
100 _aRomer, David
245 _aAdvanced macroeconomics
_cby David Romer
250 _a4th ed.
260 _aChennai
_bMcGraw Hill Education (India) Pvt. Ltd.
_c2019
300 _axvi, 716p.
653 _aMacroeconomics
942 _2ddc
_cBK
999 _c20280
_d20280